00494nam a2200193Ia 450000100060000000300070000600800410001302000150005404000110006908000150008010000160009524500270011124500810013826000110021926000180023026000090024830000160025765300270027312588GE_BSU181216s||||||||xx |||||||||||||| ||und|| a0141014966 cGE_BSU a821.111-32 aPelzer,Dave 4aThe Privilege of Youth 4bThe Inspirational Story of a Teenager's Search for Friendship and Acceptance aLondon bPenguin Books c2005 a240p.189cm. aThe Privilege of Youth